Guess the Fusion Rock Song Lyrics #97 - Statistics

General Stats
  • This quiz has been taken 10 times
  • The average score is 102 of 155
Answer Stats
Answer % Correct
a
100%
in
100%
the
100%
you
100%
And
88%
it
88%
It
88%
It's
88%
it's
88%
That
88%
that
88%
this
88%
to
88%
we
88%
We
88%
all
75%
got
75%
love
75%
on
75%
so
75%
thing
75%
time
75%
Al Jarreau
63%
forever
63%
hear
63%
together
63%
We're
63%
just
50%
know
50%
lasts
50%
like
50%
never
50%
night
50%
ooh
50%
want
50%
Don't
38%
Every
38%
gets
38%
kind
38%
music
38%
out
38%
sing
38%
way
38%
diamond
25%
lose
25%
planned
25%
right
25%
ring
25%
song
25%
sweeter
25%
vine
25%
berries
13%
favorite
13%
light
13%
precious
13%
rainy
13%
Tell
13%
whole
13%
working
13%
ya
13%
candle
0%
romantic
0%
No matching quizzes found
Score Distribution
Percent of People with Each Score
Percentile by Number Answered
Your Score History
You have not taken this quiz